000 00978nam a2200253Ia 4500
003 OSt
005 20220923220237.0
006 a|||||r|||| 00| 0
007 ta
008 220922b |||||||| |||| 00| 0 hin d
024 _a185,374
037 _cTextual
040 _aARTS
_cARTS
_bhin
041 _2hin
_ahin
082 _aO152,1(Q223):g, M9
100 _aझा, सुरेश चन्द्र, किंकर
_9163674
245 0 _aकृष्ण भक्तिकाव्य
_b द्वापर शोध परक अनुशीलन
246 _aKṛuṣhṇa bhaktikāvya: dvāpar shodh parak anushīlana
260 _aअहमदाबाद
_b संस्कृति प्रकाशन
_c1989
300 _a120 पृ.
_ccm.
650 _aहिन्दी साहित्य
_9156264
942 _hO152,1(Q223):g, M9
_cTEXL
_2CC
999 _c338620
_d338620